Chargement en cours...

Freshwater fisheries managment

Détails bibliographiques
Auteur principal: Templeton, Robin G, Ed
Format: Printed Book
Publié: Fishing News Books, London 1995
Sujets:
LEADER 00531nam a2200193 4500
020
082 |a 639.31 TEM-F 
100 |a Templeton, Robin G, Ed. 
245 |a Freshwater fisheries managment 
250
260 |a Fishing News Books, London  |c 1995 
300 |a 241 
490
500
590 |a PRP  |b 2011-04-02 14:26:40 
650 |a Fish culture in freshwater 
942 |c BK 
999 |c 97329  |d 97329 
952 |0 0  |1 0  |4 0  |6 639_310000000000000_TEMF  |7 0  |9 110797  |a AQU  |b AQU  |l 0  |o 639.31 TEM-F  |p AQU03811  |r 2019-09-25  |w 2019-09-25  |y BK